=LDR 00000nam 2200000 4500 =001 INLIS000000000011215 =005 20130612102812 =008 ***********************************Ind** =035 ##$$0010-061300000011215 =041 ##$$a Ind =082 ##$$a 332.04 =090 ##$$a 332.04, Gar t =100 ##$$a Garbutt, Douglas =245 ##$$a teknik merencanakan labu, Douglas Garbut ; Penterjemah Drs.B.Suwartojo =250 ##$$a Seri Manajmen No.14 =260 ##$$a 1979 $b Jakarta =300 ##$$a 104 hlm., 21 cm =700 ##$$a Suwartoyo, B =850 ##$$a NBPNMAT